000 00379nam a22001457a 4500
003 OSt
005 20160727222411.0
008 160624b xxu||||| |||| 00| 0 eng d
040 _cTest
100 _91007
_aMacLachlan, P
245 _aThe Facts and fictions of Minna Pratt
260 _aN.Y
_b Harper & Row
_c1988
300 _aThe Facts and fictions of Minna Pratt
942 _2ddc
_cBK
999 _c801
_d801